000 01520nam a22003977a 4500
003 CHAP
005 20220329143402.0
008 090210s2008 mx a r 00010 spa d
010 _a95805
011 _a96777
035 _a107434
040 _cCHAP
090 _aTesis
100 1 _aÁlvarez Aguilar, Noel.
_982395
245 1 0 _aRediseño de un elevador tipo Z para tomate verde sin cáscara
_c/por Noel Álvarez Aguilar y Jesús Mata Castañeda
260 _aChapingo, Méx. :
_bEl autor,
_c2008
300 _a151 h. :
_bilus., cuadros, gráfs., tablas
502 _aTesis (Ing. Mecánico Agrícola) -- UACH. Departamento de Ingeniería Mecánica Agrícola
590 _aALEPH
_b10
_c20130110
_lUCH01
_h1526
590 _aBATCH-UPD
_b10
_c20130110
_lUCH01
_h0718
590 _aBATCH-UPD
_b10
_c20130410
_lUCH01
_h0403
590 _aBATCH-UPD
_b10
_c20130914
_lUCH01
_h1036
590 _aCONVERSION
_b10
_c20130109
_lUCH01
_h1353
650 1 4 _aAgricultura
_xInnovaciones tecnológicas.
_91565
650 1 4 _aConstrucción
_xMaquinaria.
_927386
650 1 4 _aDiseño en ingeniería.
_932730
650 1 4 _aElevadores.
_936266
650 1 4 _aIngeniería mecánica
_xMaquinaria.
_958266
650 1 4 _aMaquinaria agrícola
_xDiseño.
_971168
650 1 4 _aTomate verde.
_9113796
700 1 _aMata Castañeda, Jesús.
_972859
901 _aBK
942 _cFOLL
949 _aTesis
_bBC
_cTES
_d33724002083090
_eTS1
_gDonaciØn
_h48825
_i107434
_sb
949 _aTesis
_bBC
_cTES
_d33724002083132
_eTS2
_fc.2
_gDonaciØn
_h48826
_i107434
_sb
999 _c95805
_d95805